00658nam a22002177a 4500003000500000005001700005008004100022010001000063011001000073035001000083040000900093082001900102100003300121245008600154260007400240300001100314490004200325500001100367650002000378830004200398CHAP20220329141449.0971013s1985 r 00010 d a68582 a69554 a79031 cCHAP a658.312404bD300aDávila Rosazza, Guillermo. aProgramas experienciales de perfeccionamiento profesionalb: curso taller de Peru aLima :bEscuela de Administración de Negocios para Graduados,c1985 a244 p. aProyecto de gestión públicav; 13 a29-22014aCapacitación.0 aProyecto de gestión públicav; 13